[Event "5th Karpov"]
[Site "Poikovsky RUS"]
[Date "2004.03.17"]
[Round "1"]
[White "Malakhov,V"]
[Black "Grischuk,A"]
[Result "0-1"]
[WhiteElo "2700"]
[BlackElo "2719"]

1.c4 Nf6 2.Nf3 c6 3.Nc3 d5 4.e3 a6 5.d4 b5 6.b3 Bg4 7.Be2 Nbd7 8.O-O e6 9.h3 Bh5
10.Bb2 Bd6 11.Ne5 Bxe2 12.Nxe2 Qc7 13.cxd5 cxd5 14.Rc1 Qb8 15.Nxd7 Nxd7 16.e4 dxe4
17.d5 O-O 18.dxe6 Nc5 19.Qd4 Nxe6 20.Qxe4 Re8 21.Rfe1 Qa7 22.Qf3 Bc5 23.Ng3 Bd4
24.Bxd4 Qxd4 25.Rcd1 Qb4 26.Nf5 Rad8 27.Qc6 Qc5 28.Qxc5 Nxc5 29.Rxe8+ Rxe8
30.b4 Ne4 31.Rd7 h5 32.a3 Nf6 33.Ra7 Re1+ 34.Kh2 Re6 35.f3 Nd5 36.Kg3 Nc3
37.Rd7 Ne2+ 38.Kf2 Nf4 39.Ne7+ Kh7 40.Nd5 Nd3+ 41.Kg3 Ne5 42.Rc7 Rd6 43.Nc3 Kg6
44.Ne4 Rd3 45.Kf4 f6 46.Rc3 Rd1 47.Nc5 h4 48.Nxa6 Nc4 49.Kg4 Rg1 50.Nc7 Rxg2+
51.Kf4 Nd6 52.Rc6 Nf7 53.Ne6 Re2 54.Nd4 Re5 55.Ne6 Re1 56.Nf8+ Kh6 57.Re6 Rg1
58.Re7 Ng5 59.Ne6 Nxh3+ 60.Kf5 Rg3  0-1

[Event "5th Karpov"]
[Site "Poikovsky RUS"]
[Date "2004.03.26"]
[Round "9"]
[White "Lautier,J"]
[Black "Malakhov,V"]
[Result "1-0"]
[WhiteElo "2676"]
[BlackElo "2700"]

1.d4 d5 2.c4 c6 3.Nc3 Nf6 4.Nf3 a6 5.c5 Nbd7 6.Bf4 Nh5 7.Bd2 g6 8.e4 dxe4
9.Nxe4 Ndf6 10.Nxf6+ Nxf6 11.Bc4 Bg7 12.O-O O-O 13.Qb3 Bg4 14.Ne5 Qxd4 15.Bc3 Qxc5
16.Rfe1 Nd5 17.Nxg4 Nxc3 18.bxc3 b5 19.Be2 Qxc3 20.Nh6+  1-0

[Event "TCh-FRA Nat1 GpB"]
[Site "Montpellier FRA"]
[Date "2004.04.01"]
[Round "4"]
[White "Malakhov,V"]
[Black "Becker,Marc1"]
[Result "1-0"]
[WhiteElo "2700"]
[BlackElo "2391"]

1.Nf3 Nf6 2.c4 c5 3.Nc3 b6 4.d4 cxd4 5.Nxd4 Bb7 6.f3 a6 7.e4 d6 8.Be2 e6
9.O-O Be7 10.Be3 O-O 11.Qd2 Qc7 12.Rac1 Nbd7 13.Rfd1 Rac8 14.Bf1 Qb8 15.Qf2 Bd8
16.h3 Ne5 17.Na4 Ba8 18.b4 Ned7 19.Nb3 Bc7 20.c5 dxc5 21.Bxa6 Rcd8 22.bxc5 Bh2+
23.Kh1 Bg3 24.Qc2 bxc5 25.Naxc5 Ne5 26.Nd4 Ng6 27.Ne2 Bd6 28.a4 Qa7 29.Bb5 Qe7
30.Nb3 Nxe4 31.fxe4 Qh4 32.Bc6 Ba3 33.Rxd8 Rxd8 34.Ra1 Bxc6 35.Qxc6 Ne5 36.Qc2 Bf8
37.Ned4 h6 38.a5 Bd6 39.a6 Ng4 40.Bg1 Qg3 41.a7 Ra8 42.Nf3  1-0

[Event "TCh-FRA Nat1 GpB"]
[Site "Montpellier FRA"]
[Date "2004.04.03"]
[Round "6"]
[White "Sokolov,I"]
[Black "Malakhov,V"]
[Result "0-1"]
[WhiteElo "2706"]
[BlackElo "2700"]

1.d4 d5 2.c4 c6 3.Nf3 Nf6 4.Nc3 a6 5.a4 e6 6.e3 a5 7.Bd3 Na6 8.O-O Nb4 9.e4 dxe4
10.Nxe4 Be7 11.Nxf6+ Bxf6 12.Be4 O-O 13.Ra3 g6 14.Bh6 Re8 15.Qe2 Qe7 16.h4 c5
17.dxc5 Qxc5 18.Ng5 Bg7 19.Bxg7 Kxg7 20.Rg3 f5 21.Bxf5 Qxf5 22.Rf3 Qc5 23.Rf7+ Kg8
24.Rd1 Qxg5 25.hxg5 Kxf7 26.Rd6 Kg8 27.c5 Nc6 28.Qe4 Rf8 29.f3 Rf7 30.Kh2 Bd7
31.Qd3 Raf8 32.Rxd7 Ne5 33.Qe4 Nxd7 34.Qxb7 Nxc5 35.Qb5 Nb7 36.b4 axb4 37.a5 Ra8
38.a6 Nd8  0-1

[Event "FIDE WCh KO"]
[Site "Tripoli LBA"]
[Date "2004.06.20"]
[Round "1.2"]
[White "Haznedaroglu,K"]
[Black "Malakhov,V"]
[Result "1/2-1/2"]
[WhiteElo "2395"]
[BlackElo "2695"]

1.e4 c5 2.Nf3 Nc6 3.d4 cxd4 4.Nxd4 g6 5.c4 Nf6 6.Nc3 d6 7.Be2 Nxd4 8.Qxd4 Bg7
9.Be3 O-O 10.Qd1 Be6 11.O-O Qa5 12.Rc1 Rfc8 13.b3 a6 14.f4 Bg4 15.Bxg4 Nxg4
16.Qxg4 Bxc3 17.f5 Bd2 18.Bxd2 Qxd2 19.Rcd1 Qe3+ 20.Kh1 b5 21.Qh4 f6 22.fxg6 hxg6
23.Qg4 Kf7 24.Rf3 Qc5 25.Rdf1 Qe5 26.cxb5 axb5 27.Qd7 Rc2 28.a4 bxa4 29.bxa4 Rc4
30.a5 Rxa5 31.Rxf6+ Qxf6 32.Rxf6+ Kxf6 33.h3 Rxe4 34.Qd8 Ra1+ 35.Kh2 Kg7
36.Qc7 Rae1 37.Qc3+ Re5 38.h4 Re3 39.Qa1 Kh7 40.Qf1 Rf5 41.Qc1 Re4 42.Kh3 d5
43.g3 Re6 44.Qc7 Re4 45.Qc6 Kg7 46.Qb7 Rfe5 47.Qd7 Rd4 48.Qa7 Rd3 49.Qa1 d4
50.Qa7 Ree3 51.Kh2 Re2+ 52.Kh3 Re5 53.Qc7 Ree3 54.Kh2 Rd2+ 55.Kh3 Rde2 56.h5 gxh5
57.Qc5 Re5 58.Qxd4 Re4 59.Qa1 Kf6 60.Qa8 Rg4 61.Qh8+ Ke6 62.Qh6+ Kf7 63.Qh7+ Rg7
64.Qh6 Reg5 65.Kh4 e5 66.Qh8 Rg4+ 67.Kh3 Rxg3+ 68.Kh2 R3g5 69.Qc8 Kg6 70.Qc6+ Kh7
71.Qe4+ Kh6 72.Qc6+ Kh7 73.Qe4+ Kh8 74.Qc6 h4 75.Qh6+ Kg8 76.Qe6+ Kh7 77.Kh3 Rg3+
78.Kh2 Rg2+ 79.Kh1 R2g5 80.Kh2 h3 81.Qxh3+ Kg8 82.Qc8+ Kf7 83.Qd7+ Kf6 84.Qc6+ Kf5
85.Qc8+ Kf4 86.Qc1+ Kg4 87.Qc8+ Rf5 88.Qc4+ Kg5 89.Qe6 Rg6 90.Qe8 Kh5 91.Qh8+ Kg4
92.Qh3+ Kg5 93.Qe3+ Kf6 94.Qb6+ Kg7 95.Qc7+ Kh6 96.Qc1+ Rfg5 97.Qd2 Rf6 98.Qd8 Rgg6
99.Qh8+ Kg5 100.Kg3 e4 101.Qh4+ Kf5+ 102.Kf2 Ke5+ 103.Ke2 Rg7 104.Qh5+ Kd4
105.Qh8 Rg2+ 106.Ke1 Rf2 107.Qd8+ Ke3 108.Qd2+  1/2-1/2

[Event "RUS-CHN"]
[Site "Moscow CHN"]
[Date "2004.08.10"]
[Round "1"]
[White "Xu Jun"]
[Black "Malakhov,V"]
[Result "0-1"]
[WhiteElo "2617"]
[BlackElo "2674"]

1.d4 d5 2.c4 c6 3.Nf3 Nf6 4.Nc3 a6 5.c5 Nbd7 6.Bf4 Nh5 7.Bd2 Nhf6 8.Qc2 g6
9.e4 Nxe4 10.Nxe4 dxe4 11.Ng5 Bg7 12.Bc4 O-O 13.Qb3 e6 14.Nxe4 Bxd4 15.O-O Nxc5
16.Nxc5 Bxc5 17.Bh6 Re8 18.Rad1 Qh4 19.Be3 Bxe3 20.fxe3 b5 21.Be2 c5 22.Bf3 Ra7
23.Qc3 Qg5 24.h4 Qxh4 25.Qxc5 Qe7 26.Qb6 Qc7 27.Qd4 e5 28.Qb4 Be6 29.b3 Qb6
30.Qc3 Bf5 31.Rc1 e4 32.Be2 Rc8  0-1

[Event "RUS-CHN"]
[Site "Moscow CHN"]
[Date "2004.08.11"]
[Round "2"]
[White "Malakhov,V"]
[Black "Bu Xiangzhi"]
[Result "0-1"]
[WhiteElo "2674"]
[BlackElo "2620"]

1.d4 d5 2.c4 c6 3.Nc3 Nf6 4.e3 g6 5.Nf3 Bg7 6.Be2 O-O 7.O-O a6 8.c5 Bg4 9.h3 Bxf3
10.gxf3 e5 11.dxe5 Nfd7 12.Na4 Qg5+ 13.Kh2 Qxe5+ 14.f4 Qe7 15.Qc2 Nf6 16.Nb6 Ra7
17.Bd2 Nbd7 18.Bb4 Re8 19.Bf3 a5 20.Ba3 Qe6 21.Na4 Ne4 22.Rad1 g5 23.Bxe4 Qxe4
24.Qxe4 Rxe4 25.Nb6 Nxb6 26.cxb6 Ra6 27.Rg1 gxf4 28.exf4 h6 29.Bc5 Kh7 30.Rde1 Rxf4
31.Re8 d4 32.Kh1 Rf5 33.Rxg7+ Kxg7 34.Bxd4+ Kg6 35.Rg8+ Kh5 36.Rc8 Rf3 37.Kg2 Rd3
38.Bc5 f5 39.Rf8 Kg6 40.Rg8+ Kf6 41.Rh8 Rd5 42.Be3 f4 43.Bxf4 Rxb6 44.Rxh6+ Kf5
45.Bc1 Rd1 46.Rh5+ Ke4 47.Rc5 a4 48.Rc2 Rb5 49.h4 Kd5 50.Be3 Ke6 51.a3 Kf7
52.Bg5 Kg6 53.Be7 Kh5 54.Re2 Rdd5 55.Bf6 Rf5 56.Bg5 Rb3 57.Rd2 c5 58.Rd6 c4
59.Be3 Kxh4 60.Rd4+ Kh5 61.Rxc4 b5 62.Rc6 Kh4 63.Rh6+ Rh5 64.Rf6 Rh7 65.Bd4 Kg5
66.Rb6 Kf4 67.Bc3 Ke4 68.Rd6 Rc7 69.Rd4+ Kf5 70.Kf1 Rc4 71.Rd8 Ke4 72.Ke2 b4
73.Re8+ Kd5 74.Rd8+ Ke6 75.Bxb4 Rc2+ 76.Rd2 Rcxb2 77.Rxb2 Rxb2+ 78.Kd3 Kd5
79.Kc3 Rxf2 80.Be7 Rf7 81.Bb4 Rf3+ 82.Kd2 Kd4 83.Ke2 Rb3 84.Bd6 Rb6 85.Bf8 Kc3
86.Bg7+ Kc2 87.Bd4 Re6+ 88.Kf2 Kb3 89.Bc5 Ka2 90.Bb4 Kb2 91.Bc5 Rc6 92.Be7 Rc7
93.Bd6 Rd7  0-1

[Event "RUS-CHN"]
[Site "Moscow CHN"]
[Date "2004.08.12"]
[Round "3"]
[White "Malakhov,V"]
[Black "Ni Hua"]
[Result "0-1"]
[WhiteElo "2674"]
[BlackElo "2583"]

1.Nf3 d5 2.d4 Nf6 3.c4 c6 4.e3 a6 5.Nc3 b5 6.b3 Bg4 7.Be2 Nbd7 8.O-O e6 9.h3 Bh5
10.Bb2 Qb8 11.c5 Be7 12.b4 O-O 13.g4 Bg6 14.Nd2 a5 15.a3 Ne4 16.Kg2 Ndf6
17.Nf3 Nd7 18.Na2 h5 19.bxa5 hxg4 20.hxg4 f5 21.g5 f4 22.Bc1 e5 23.exf4 exf4
24.Rg1 Bxg5 25.Kf1 Qd8 26.Nb4 Bf5 27.Nxc6 Bh3+ 28.Ke1 Bh4 29.Qb3 Bxf2+ 30.Kd1 Qe8
31.Ng5 Bxg1 32.Nxh3 Qe6 33.Ne7+ Qxe7 34.Qxd5+ Qf7 35.Qxf7+ Rxf7 36.Nxg1 Nc3+
37.Kd2 Nxe2 38.Kxe2 g5 39.Nh3 f3+ 40.Kf2 g4 41.Nf4 Nf6 42.Kg3 Rg7 43.Ne6 Re7
44.Nf4 Re1 45.Kf2 Rd1  0-1

[Event "Aeroflot Open"]
[Site "Moscow RUS"]
[Date "2005.02.16"]
[Round "2"]
[White "Sorokin,M"]
[Black "Malakhov,V"]
[Result "1/2-1/2"]
[WhiteElo "2578"]
[BlackElo "2664"]

1.d4 d5 2.c4 c6 3.Nf3 e6 4.Qc2 Nf6 5.Bg5 dxc4 6.Qxc4 b5 7.Qc2 Bb7 8.e3 Nbd7
9.Bd3 Be7 10.Nbd2 h6 11.Bxf6 Bxf6 12.O-O O-O 13.Rfc1 Be7 14.a4 a6 15.Nb3 bxa4
16.Rxa4 c5 17.dxc5 Nxc5 18.Nxc5 Bxc5 19.Bh7+ Kh8 20.Be4 Bxe4 21.Qxe4 Be7
22.g3 Bf6 23.b4 Qb6 24.Rc6 Qb5 25.Ra5 Qb8 26.Ne1 Rd8 27.Nd3 Be7 28.Rcxa6 Rxa6
29.Rxa6 Qc8 30.Rc6 Qd7 31.Ne5 Qd1+ 32.Kg2 Kg8 33.b5 Qe1 34.Nf3 Qe2 35.Nd4 Qb2
36.Rc2 Qb4 37.Qf3 Qb1 38.Rc7 Bf6 39.Qc6 e5 40.Nf3 e4 41.Ng1 Rd1 42.Ne2 Qd3
43.Qc4 Qxc4 44.Rxc4 Rb1 45.Rc8+ Kh7 46.Rc5 Rb2 47.Nf4 Be7 48.Rc7 Bd6 49.Rxf7 Rxb5
50.Ne6 Be5 51.Nf8+ Kg8 52.Rf5 Rb4 53.Rxe5 Kxf8 54.g4 Kf7 55.Kg3 g5 56.h4 Kf6
57.Rf5+ Kg6 58.Rd5 Rb6 59.Re5 Rb4 60.Re6+ Kg7 61.h5 Ra4  1/2-1/2

[Event "Aeroflot Open"]
[Site "Moscow RUS"]
[Date "2005.02.17"]
[Round "3"]
[White "Malakhov,V"]
[Black "Efimenko,Z"]
[Result "1/2-1/2"]
[WhiteElo "2664"]
[BlackElo "2601"]

1.e4 c5 2.Nf3 d6 3.g3 Nf6 4.d3 g6 5.Bg2 Bg7 6.O-O O-O 7.Re1 Nc6 8.c3 e5 9.Na3 Re8
10.Bg5 h6 11.Bxf6 Bxf6 12.Nc4 b5 13.Ne3 Be6 14.Nd5 Bg7 15.a4 b4 16.Nd2 Na5
17.Qc2 Rb8  1/2-1/2

[Event "Aeroflot Open"]
[Site "Moscow RUS"]
[Date "2005.02.18"]
[Round "4"]
[White "Anastasian,A"]
[Black "Malakhov,V"]
[Result "1/2-1/2"]
[WhiteElo "2568"]
[BlackElo "2664"]

1.c4 c5 2.Nc3 g6 3.g3 Bg7 4.Bg2 Nc6 5.e3 Nf6 6.Nge2 d6 7.d4 Bd7 8.O-O Qc8
9.b3 Bh3 10.Bb2 Bxg2 11.Kxg2 Qf5 12.Qb1 Qxb1 13.Raxb1 cxd4 14.Nxd4 Rc8 15.Rfd1 O-O
16.e4 Nxd4 17.Rxd4 Rfe8 18.Rd2 a6 19.a4 Kf8 20.f4 Nd7 21.Nd5 Bxb2 22.Rbxb2 e6
23.Nc3 Ke7 24.Kf3 h5 25.h3 Rg8 26.Ke3 g5 27.f5 Ne5 28.Rbc2 Rc6 29.Ne2 Rc5
30.Nd4 Nd7 31.Rf2 Nf6 32.Kd3 e5 33.b4 Rc7 34.Nb3 g4 35.h4 Rgc8 36.a5 Nxe4
37.Kxe4 Rxc4+ 38.Rxc4 Rxc4+ 39.Kd3 Rxb4 40.Kc3 Rb5 41.Kb2 Kf6 42.Rd2 d5 43.Rc2 Kxf5
44.Rc5 Rb4 45.Kc3 Re4 46.Rxd5 Re1 47.Rd3 Kg6 48.Rd6+ Kg7 49.Nc5 Rg1 50.Rd3 f5
51.Kc4 Kf6 52.Rd6+ Kf7 53.Rd7+ Kf6 54.Rd6+ Kf7 55.Kd5 f4 56.Ne4 fxg3 57.Rd7+ Kg6
58.Rd6+ Kf7 59.Rd7+ Kg6  1/2-1/2

[Event "Aeroflot Open"]
[Site "Moscow RUS"]
[Date "2005.02.22"]
[Round "8"]
[White "Lugovoi,A"]
[Black "Malakhov,V"]
[Result "0-1"]
[WhiteElo "2552"]
[BlackElo "2664"]

1.d4 d5 2.c4 c6 3.Nc3 Nf6 4.Nf3 a6 5.c5 Nbd7 6.Bf4 Nh5 7.Bd2 Nhf6 8.Qc2 g6
9.h3 Qc7 10.e4 Nxe4 11.Nxe4 dxe4 12.Qxe4 Nf6 13.Qe5 Qxe5+ 14.dxe5 Nd7 15.Be3 Bg7
16.e6 fxe6 17.O-O-O Nf6 18.Bc4 Nd5 19.Bd4 O-O 20.Rhf1 Bd7 21.Bxg7 Kxg7 22.Ne5 Be8
23.h4 a5 24.g3 a4 25.Rde1 Bf7 26.f4 Rfd8 27.Rf3 Ra5 28.Nd3 h6 29.g4 Nf6 30.Bxe6 Bxe6
31.Rxe6 Kf7 32.f5 Nxg4 33.Re4 gxf5 34.Rxg4 Rxd3 35.Rxf5+ Ke6 36.Rh5 Rd5 37.Rxh6+ Kf5
38.Rc4 Raxc5 39.Rh5+ Kg6 40.Rxc5 Kxh5 41.Rc4 Ra5 42.Re4 e5 43.Rb4 Rc5+ 44.Kd2 b5
45.Re4 Rd5+ 46.Ke3 c5 47.b3 a3 48.Ke2 b4 49.Ke3 Kg6 50.Rg4+ Kf6 51.Rg1 Rd4
52.Rh1 Kg6 53.h5+ Kh6 54.Rc1 Rh4 55.Rxc5 Rh2 56.Rxe5 Rxa2 57.Kd3 Ra1 58.Re6+ Kxh5
59.Kc4 Rc1+ 60.Kxb4 a2 61.Ra6 a1=Q 62.Rxa1 Rxa1 63.Kc5 Kg6 64.b4 Kf7 65.Kd4  0-1

[Event "St Petersburg vs Moscow"]
[Site "St Petersburg RUS"]
[Date "2005.06.15"]
[Round "2"]
[White "Svidler,P"]
[Black "Malakhov,V"]
[Result "1/2-1/2"]
[WhiteElo "2725"]
[BlackElo "2670"]

1.e4 c5 2.Nf3 Nc6 3.d4 cxd4 4.Nxd4 g6 5.c4 Nf6 6.Nc3 d6 7.Be2 Nxd4 8.Qxd4 Bg7
9.Be3 O-O 10.Qd2 Be6 11.Rc1 Qa5 12.f3 Rfc8 13.b3 a6 14.Nd5 Qxd2+ 15.Kxd2 Nxd5
16.cxd5 Bd7 17.Rxc8+ Rxc8 18.Rc1 Rxc1 19.Kxc1 Kf8  1/2-1/2

[Event "6th EICC"]
[Site "Warsaw POL"]
[Date "2005.06.26"]
[Round "8"]
[White "Cao Sang"]
[Black "Malakhov,V"]
[Result "1/2-1/2"]
[WhiteElo "2488"]
[BlackElo "2670"]

1.d4 d5 2.Bg5 h6 3.Bh4 c6 4.e3 Qb6 5.b3 e5 6.Nf3 e4 7.Nfd2 Be7 8.Bg3 h5 9.h3 h4
10.Bf4 Be6 11.c4 Nd7 12.c5 Qd8 13.Nc3 g5 14.Bh2 Qc8 15.b4 Bd8 16.b5 Bc7 17.Bxc7 Qxc7
18.Rb1 f5 19.Qb3 Kf7 20.bxc6 bxc6 21.Qb7 Qxb7 22.Rxb7 Ne7 23.Ba6 Nf6 24.Rb1 Bc8
25.Bxc8 Rhxc8 26.Ke2 Rc7 27.Rb4 f4 28.Rhb1 Nf5 29.Nf1 Ke6 30.Rb7 Rac8 31.a4 g4
32.hxg4 Nxg4 33.a5 Rxb7 34.Rxb7 Rf8 35.Rc7 f3+ 36.gxf3 exf3+ 37.Ke1 Rh8 38.Rxc6+ Kf7
39.Rc7+ Ke6 40.Rc6+ Kf7 41.Rc7+ Ke6  1/2-1/2

[Event "49th TCh-ESP Honor 2"]
[Site "Sant Lluis ESP"]
[Date "2005.08.31"]
[Round "1"]
[White "Beliavsky,A"]
[Black "Malakhov,V"]
[Result "0-1"]
[WhiteElo "2599"]
[BlackElo "2673"]

1.d4 d5 2.c4 c6 3.Nf3 Nf6 4.Nc3 a6 5.e3 e6 6.a3 Nbd7 7.b4 g6 8.Bb2 Bg7 9.Bd3 O-O
10.O-O Qe7 11.Qb3 b5 12.cxd5 exd5 13.a4 Nb6 14.Ne5 Qb7 15.a5 Nc4 16.Bxc4 bxc4
17.Qa3 Be6 18.Na4 Ne4 19.f3 Nd6 20.Nc5 Qc8 21.e4 f6 22.exd5 cxd5 23.Ng4 Bxg4
24.fxg4 Qxg4 25.h3 Qc8 26.Qf3 Qc6 27.Rae1 Rfe8 28.g4 Ne4 29.Nxe4 Rxe4 30.Rxe4 dxe4
31.d5 Qxd5 32.Rd1 exf3 33.Rxd5 Rb8 34.b5 axb5 35.a6 Ra8 36.Rxb5 Rxa6 37.Rb8+ Bf8
38.Rc8 Ra2 39.Bxf6 Kf7 40.Bc3 Rc2 41.Rxc4 Bd6 42.Rc6 Ke6 43.Kf1 Kd5 44.Rc8 g5  0-1

[Event "49th TCh-ESP Honor 2"]
[Site "Sant Lluis ESP"]
[Date "2005.09.03"]
[Round "4"]
[White "Nielsen,PH"]
[Black "Malakhov,V"]
[Result "1/2-1/2"]
[WhiteElo "2668"]
[BlackElo "2673"]

1.d4 d5 2.c4 c6 3.Nf3 Nf6 4.Nc3 a6 5.a4 e6 6.Bg5 a5 7.e3 Be7 8.Be2 O-O 9.O-O Na6
10.Qb3 Nb4 11.Rac1 Nh5 12.Bxe7 Qxe7 13.Na2 Nxa2 14.Qxa2 Nf6 15.Qa3 Qxa3 16.bxa3 Nd7
17.Rb1 Re8 18.Nd2 Kf8 19.e4 dxe4 20.Nxe4 Nf6 21.Nxf6 gxf6 22.Rfd1 Rb8 23.Bf3 Bd7
24.Rb2 Red8 25.Kf1 Be8 26.Ke2 e5 27.Ke3 exd4+ 28.Rxd4 Rxd4 29.Kxd4 b6 30.Kc3 c5
31.Bd1 Bd7 32.g3 h6 33.Rd2 Ke7 34.Re2+ Be6 35.Rd2 Rd8  1/2-1/2

[Event "TCh-FRA Top 16 Gp B"]
[Site "Gonfreville FRA"]
[Date "2006.03.31"]
[Round "5"]
[White "Nezar,M"]
[Black "Malakhov,V"]
[Result "0-1"]
[WhiteElo "2394"]
[BlackElo "2694"]

1.e4 c5 2.Nf3 Nc6 3.d4 cxd4 4.Nxd4 Nf6 5.Nc3 d6 6.Bg5 e6 7.Qd2 a6 8.O-O-O Bd7
9.f3 Be7 10.h4 Rc8 11.g4 Nxd4 12.Qxd4 Qa5 13.Kb1 Bc6 14.Bd2 Qc5 15.Be3 Qxd4
16.Bxd4 h6 17.Bg2 Nd7 18.Bf2 Ne5 19.Bg3 g6 20.Rhf1 g5 21.Rh1 gxh4 22.Bxh4 Bxh4
23.Rxh4 Ke7 24.Rh5 Rcg8 25.Re1 Be8 26.Rh2 f6 27.Reh1 Nf7 28.Bf1 Bc6 29.Kc1 b5
30.a3 Rb8 31.Rh5 Rhc8 32.Be2 Be8 33.f4 Bc6 34.f5 e5 35.Kd2 Ba8 36.Bd3 Rd8
37.Ra1 Kf8 38.Ke3 Kg7 39.Ne2 Ng5 40.Nc3 Rbc8 41.Rd1 Rh8 42.Rdh1 Rc5 43.Rd1 Re8
44.Rdh1 Rh8 45.Rd1 Bc6 46.Ne2 d5 47.exd5 Rxd5 48.Ng3 Rd6 49.Be2 Rxd1 50.Bxd1 Rd8
51.Be2 Rd6 52.Rh1 Kh7  0-1

[Event "TCh-FRA Top 16 Gp B"]
[Site "Gonfreville FRA"]
[Date "2006.04.01"]
[Round "6"]
[White "Buhmann,R"]
[Black "Malakhov,V"]
[Result "1/2-1/2"]
[WhiteElo "2546"]
[BlackElo "2694"]

1.d4 d5 2.c4 c6 3.Nf3 Nf6 4.cxd5 cxd5 5.Nc3 Nc6 6.Bf4 Bf5 7.e3 e6 8.Bb5 Nd7
9.O-O Be7 10.Qb3 O-O 11.Rfc1 Na5 12.Qa4 Nc4 13.Bxd7 Nb6 14.Qb5 Qxd7 15.Qxd7 Nxd7
16.Nb5 a6 17.Nd6  1/2-1/2

[Event "XIII TCh-RUS"]
[Site "Sochi RUS"]
[Date "2006.04.21"]
[Round "2"]
[White "Yakovich,Yur"]
[Black "Malakhov,V"]
[Result "1/2-1/2"]
[WhiteElo "2570"]
[BlackElo "2691"]

1.e4 c5 2.Nf3 Nc6 3.d4 cxd4 4.Nxd4 g6 5.c4 Nf6 6.Nc3 d6 7.Be2 Nxd4 8.Qxd4 Bg7
9.Be3 O-O 10.Qd2 Be6 11.O-O Qa5 12.Rab1 Rfc8 13.b3 a6 14.Rfc1 Rab8 15.f3 Nd7
16.b4 Bxc3 17.Rxc3 Qd8 18.Rbc1 a5 19.a3 axb4 20.axb4 Ra8 21.f4 f6 22.Bf3 Qc7
23.Kh1 Rd8 24.Qc2 Ra6 25.h4 Rda8 26.h5 Bf7 27.c5 dxc5 28.bxc5 Ra1 29.Qb2 R1a2
30.Qb1 e5 31.f5 Nb8 32.Qb6 Qxb6 33.cxb6 Nc6 34.h6 Rd8 35.Kh2 Rb2 36.R1c2 Rb1
37.Rc1 Rb2 38.R1c2 Rb1 39.Rc1 Rb2  1/2-1/2

[Event "XIII TCh-RUS"]
[Site "Sochi RUS"]
[Date "2006.04.22"]
[Round "3"]
[White "Malakhov,V"]
[Black "Novikov,St"]
[Result "1-0"]
[WhiteElo "2691"]
[BlackElo "2545"]

1.e4 c5 2.Nf3 Nc6 3.Bb5 d6 4.O-O Bd7 5.Re1 Nf6 6.c3 a6 7.Bf1 Bg4 8.d3 e6
9.Nbd2 d5 10.exd5 Qxd5 11.h3 Bxf3 12.Nxf3 Be7 13.Be3 O-O 14.d4 cxd4 15.Nxd4 Rfd8
16.g3 Nxd4 17.Bxd4 Bc5 18.Re5 Qxe5 19.Bxe5 Rxd1 20.Rxd1 Ne4 21.Kg2 f6 22.Bd4 Rd8
23.Bc4 Kf7 24.Re1 Bxd4 25.Rxe4 Be5 26.f4 Rd2+ 27.Kf3 Bc7 28.Bxe6+ Kf8 29.Rc4 Bd6
30.b4 Ke7 31.Bg8 Rd3+ 32.Kf2 h5 33.a4 b5 34.Re4+ Kf8 35.Bh7 Rxc3 36.Bg6 Be7
37.a5 h4 38.gxh4 Rc4 39.Re6 Rxf4+ 40.Kg2 Rxb4 41.Rxa6 Rd4 42.Ra7 Bd6 43.a6 Ra4
44.Rf7+ Ke8 45.Rb7+ Kd8 46.a7 Kc8 47.Rxg7 Bc7 48.Bf5+ Kb7 49.a8=Q+  1-0

[Event "XIII TCh-RUS"]
[Site "Sochi RUS"]
[Date "2006.04.23"]
[Round "4"]
[White "Lputian,S"]
[Black "Malakhov,V"]
[Result "1/2-1/2"]
[WhiteElo "2619"]
[BlackElo "2691"]

1.d4 d5 2.c4 c6 3.Nf3 Nf6 4.Nc3 a6 5.e3 b5 6.c5 g6 7.Bd2 Bg7 8.b4 Bg4 9.h3 Bxf3
10.gxf3 Nbd7 11.f4 O-O 12.a4 e6 13.Bg2 Ne8 14.O-O Nc7 15.Ra2 Qe7 16.Qc2 Rfb8
17.Rfa1 Qd8 18.Ne2 Rb7 19.Nc1 bxa4 20.Rxa4 Nb8 21.Nb3 Nb5 22.R1a2 f5 23.Qd1 Bf6
24.Nc1  1/2-1/2

[Event "XIII TCh-RUS"]
[Site "Sochi RUS"]
[Date "2006.04.24"]
[Round "5"]
[White "Bareev,E"]
[Black "Malakhov,V"]
[Result "0-1"]
[WhiteElo "2701"]
[BlackElo "2691"]

1.d4 d5 2.c4 c6 3.Nf3 Nf6 4.e3 a6 5.Bd2 e6 6.Nc3 c5 7.cxd5 exd5 8.Be2 Nc6
9.Ne5 cxd4 10.exd4 Bd6 11.Nxc6 bxc6 12.Bg5 Rb8 13.Qd2 h6 14.Bh4 O-O 15.Rc1 Re8
16.Bg3 Bxg3 17.hxg3 c5 18.b3 Rb4 19.Rh4 Bg4 20.dxc5 d4 21.f3 Qc7 22.Kf2 dxc3
23.Rxc3 Rbe4 24.Bf1 Rd8 25.Qc1 Red4 26.Rxg4 Nxg4+ 27.fxg4 Rd2+ 28.Kg1 Qe5
29.Rf3 Qd4+ 30.Kh2 Qxg4 31.Rf4 Qh5+ 32.Rh4 Qg6 33.Ra4 Rd1 34.Qc4 Qb1  0-1

[Event "XIII TCh-RUS"]
[Site "Sochi RUS"]
[Date "2006.04.25"]
[Round "6"]
[White "Malakhov,V"]
[Black "Galkin,A"]
[Result "1-0"]
[WhiteElo "2691"]
[BlackElo "2618"]

1.e4 c6 2.d4 d5 3.e5 Bf5 4.Nd2 e6 5.Nb3 c5 6.dxc5 Bxc5 7.Nxc5 Qa5+ 8.c3 Qxc5
9.Nf3 Ne7 10.Qa4+ Nbc6 11.Be3 Qa5 12.Qxa5 Nxa5 13.Nd4 a6 14.Nxf5 Nxf5 15.Bf4 Rc8
16.O-O-O Ne7 17.h3 O-O 18.Bh2 Rfd8 19.Kb1 d4 20.Rxd4 Rxd4 21.cxd4 Nac6 22.Bd3 Rd8
23.Rd1 Rxd4 24.Bc2 Rxd1+ 25.Bxd1 g5 26.Bf3 Kf8 27.Be4 Ng6 28.Kc2 Ke7 29.Bxc6 bxc6
30.Kd3 Kd7 31.Ke4 c5 32.f3 Kc6 33.g3 Ne7 34.Bg1 Nd5 35.Bf2 c4 36.Kd4 Kb5
37.Be1 Nb6 38.Bd2 Na4 39.Bc1 Kb4 40.g4 Kb5 41.Bxg5 Nxb2 42.Bd2 Nd3 43.h4 Nb4
44.a4+ Kxa4 45.Kxc4 Nd5 46.f4 Ka3 47.f5 a5 48.fxe6 fxe6 49.Bxa5 Ne3+ 50.Kc5 Nxg4
51.Kd6 Ka4 52.Bd8 Kb5 53.Kxe6 Kc6 54.Bf6 h5 55.Ke7 Kd5 56.e6  1-0

[Event "XIII TCh-RUS"]
[Site "Sochi RUS"]
[Date "2006.04.29"]
[Round "10"]
[White "Malakhov,V"]
[Black "Dyachkov,S"]
[Result "0-1"]
[WhiteElo "2691"]
[BlackElo "2548"]

1.c4 Nf6 2.Nc3 g6 3.e4 d6 4.d4 Bg7 5.Bd3 O-O 6.Nge2 Nc6 7.O-O Nh5 8.Bc2 e5
9.d5 Ne7 10.a4 f5 11.Ng3 Nf4 12.Ra3 fxe4 13.Ncxe4 a5 14.Nc3 Kh8 15.Nb5 Ng8
16.Ne4 Nf6 17.Nxf6 Bxf6 18.Be3 b6 19.Qd2 Bd7 20.Bd1 Be7 21.Nc3 Rf7 22.Re1 Qf8
23.Ne4 Qg7 24.Bc2 Qf8 25.Qd1 Qc8 26.Bc1 Bg4 27.Qd2 Kg8 28.Bd1 Bf5 29.Qe3 Qd8
30.Bd2 Bg5 31.Nxg5 Qxg5 32.g3 Nh3+ 33.Kg2 Qf6 34.Rf1 Raf8 35.f3 g5 36.Be2 Qg6
37.Kh1 g4 38.Qh6 Be4 39.Qxg6+ hxg6 40.Kg2 Kg7 41.Bd1 c6 42.dxc6 Bxc6 43.Re3 g5
44.Bc2 Bxf3+ 45.Rexf3 Rxf3 46.Rxf3 gxf3+ 47.Kxh3 f2 48.Bd3 f1=Q+ 49.Bxf1 Rxf1
50.Bxg5 Rf2 51.b3 Rf3 52.Be7 Rd3 53.Kg4 Kf7 54.Bd8 Rxb3 55.h4 Rb4 56.h5 d5  0-1

[Event "XXXVI Bosnia GM"]
[Site "Sarajevo BIH"]
[Date "2006.05.09"]
[Round "3"]
[White "Predojevic,B"]
[Black "Malakhov,V"]
[Result "1/2-1/2"]
[WhiteElo "2566"]
[BlackElo "2691"]

1.e4 c5 2.Nf3 Nc6 3.Bb5 d6 4.Bxc6+ bxc6 5.e5 dxe5 6.Nxe5 Qd5 7.Nf3 Bg4 8.d3 Bxf3
9.Qxf3 Qxf3 10.gxf3 Nf6 11.Be3 e6 12.Nd2 Nd7 13.O-O-O Bd6 14.Nb3 Ke7 15.d4 cxd4
16.Rxd4 Nb6 17.Rhd1 Bxh2 18.f4 Nd5 19.c4 Nxe3 20.Rd7+ Kf6 21.fxe3 h5 22.Nd2 h4
23.Ne4+ Kg6 24.Rh1 Bg3 25.Rg1  1/2-1/2

[Event "XXXVI Bosnia GM"]
[Site "Sarajevo BIH"]
[Date "2006.05.11"]
[Round "5"]
[White "Malakhov,V"]
[Black "Nisipeanu,LD"]
[Result "1/2-1/2"]
[WhiteElo "2691"]
[BlackElo "2695"]

1.e4 c5 2.Na3 d6 3.c3 Nf6 4.g3 g6 5.Bg2 Bg7 6.Ne2 O-O 7.O-O e5 8.d4 exd4
9.cxd4 Nc6 10.d5 Nb4 11.Nc2 Nxc2 12.Qxc2 Re8 13.Nc3 a6 14.a4 Bd7 15.a5 Ng4
16.Bd2 b5 17.axb6 Qxb6 18.Nd1 Bb5 19.Re1 Bd4 20.Bc3 Ra7 21.h3 Nf6 22.Ne3 h5
23.Kh2 Rae7 24.f3 Nd7 25.g4 hxg4 26.Nxg4 Kg7 27.Rad1 Ne5 28.Rxd4 Nxg4+ 29.hxg4 cxd4
30.Qf2 f6 31.Bxd4 Qc7 32.g5 Kg8 33.gxf6 Rh7+ 34.Kg1 g5 35.Be3 Bd7 36.Qg3 Kf7
37.Bxg5 Reh8 38.f4 Qb6+ 39.Qe3 Qxb2 40.Re2 Qb1+ 41.Re1 Qc2 42.Qe2 Qc5+ 43.Qe3 Qc2
44.Qe2  1/2-1/2

[Event "XXXVI Bosnia GM"]
[Site "Sarajevo BIH"]
[Date "2006.05.14"]
[Round "8"]
[White "Malakhov,V"]
[Black "Predojevic,B"]
[Result "1-0"]
[WhiteElo "2691"]
[BlackElo "2566"]

1.e4 e5 2.Nf3 Nc6 3.Bc4 Nf6 4.d3 Be7 5.O-O O-O 6.Re1 d6 7.a4 Kh8 8.h3 Ng8
9.d4 f5 10.dxe5 fxe4 11.Rxe4 Rxf3 12.gxf3 Bxh3 13.f4 Bf5 14.Nc3 Qe8 15.Re3 dxe5
16.fxe5 Rd8 17.Qf1 Nb4 18.Bb3 Bxc2 19.Bxg8 Qxg8 20.Rg3 Qe6 21.Bg5 Bxg5 22.Rxg5 h6
23.Rg3 Qxe5 24.Re1 Qf6 25.Qb5 Rf8 26.Re2 Qd4 27.Qxb7 Bd3 28.Ree3 Nc2 29.Ref3 Rxf3
30.Qxf3 Nb4 31.Rg4 Qd6 32.Rxb4 Qxb4 33.Qxd3  1-0

[Event "XXXVI Bosnia GM"]
[Site "Sarajevo BIH"]
[Date "2006.05.15"]
[Round "9"]
[White "Malakhov,V"]
[Black "Sasikiran,K"]
[Result "0-1"]
[WhiteElo "2691"]
[BlackElo "2692"]

1.e4 c5 2.Na3 a6 3.c3 Nc6 4.Nf3 Nf6 5.Qe2 d6 6.g3 Bg4 7.h3 Bh5 8.Bg2 e6 9.O-O Be7
10.d3 Nd7 11.Nc2 Rc8 12.g4 Bg6 13.Nd2 e5 14.Ne3 Nf8 15.Nd5 b5 16.f4 exf4
17.Nxf4 Ne6 18.Nf3 b4 19.Nd5 h5 20.Nxe7 Qxe7 21.g5 h4 22.Qf2 bxc3 23.bxc3 Ne5
24.Nxh4 Nxd3 25.Nxg6 fxg6 26.Qe2 c4 27.Be3 Rh4 28.Qc2 Nef4 29.Bxf4 Nxf4 30.Qa4+ Qd7
31.Qxd7+ Kxd7 32.Rab1 Rc5 33.Kf2 Nxg2 34.Kxg2 Rxg5+ 35.Kh2 Rxe4 36.Rf2 Re3
37.Rb6 a5 38.Rb7+ Kc6 39.Rfb2 Re2+ 40.Rxe2 Kxb7 41.Re7+ Kc6 42.Rxg7 Kd5 43.h4 Rg4
44.Kh3 Rg1 45.Kh2 Rc1 46.Rxg6 Rxc3 47.Rg5+ Kd4 48.Rg4+ Kc5 49.h5 Rf3 50.h6 Rf8
51.h7 Rh8 52.Rg7 c3 53.Kg2 Kd4 54.Rc7 d5 55.Kf2 Kd3  0-1

[Event "XXXVI Bosnia GM"]
[Site "Sarajevo BIH"]
[Date "2006.05.16"]
[Round "10"]
[White "Nisipeanu,LD"]
[Black "Malakhov,V"]
[Result "1/2-1/2"]
[WhiteElo "2695"]
[BlackElo "2691"]

1.e4 c5 2.Nf3 Nc6 3.c3 Nf6 4.e5 Nd5 5.d4 cxd4 6.cxd4 d6 7.Bc4 Nb6 8.Bb5 dxe5
9.Nxe5 Bd7 10.Nxd7 Qxd7 11.Nc3 Rd8 12.O-O  1/2-1/2